La codificacin̤ del derecho contractual de consumo en el Derecho Civil catalǹ M® Rosa Llc̉er Matacs̉.

Bibliographic Details
Main Author: Llc̉er Matacs̉, M® Rosa
Format: eBook
Published: Madrid: Dykinson, 2015.
Subjects:
Online Access:Acceso restringido

MARC

LEADER 00000nam a22000007a 4500
005 2016102508198.0
007 cr|||| ||u|
008 161025s2015 Sp |||||o|||| 001 0 Spa d
020 |a 978-84-9085-535-5 
035 |a 14274 
040 |a vLex 
090 |c 6320  |d 6320 
100 1 |a Llc̉er Matacs̉, M® Rosa 
245 1 |a La codificacin̤ del derecho contractual de consumo en el Derecho Civil catalǹ  |h [Recurso electrn̤ico] /  |b M® Rosa Llc̉er Matacs̉. 
256 |a Servicio en ln̕ea 
260 |a Madrid:  |b Dykinson,  |c 2015. 
300 |a 1 Recurso electrn̤ico 
506 1 |a Disponible en los productos indicados  |d vLex Global  |d vLex Global (Academic Edition, excluding Law Schools)  |d vLex Global (U.S. Academic Edition, Law Schools)  |d vLex Global (U.S. Academic Edition, excluding Law Schools)  |d vLex Global (Academic Edition, Law Schools) 
650 0 4 |a Derecho Civil  |z Espaǫl 
740 0 |a vLex libros (servicios en ln̕ea) 
856 4 0 |u http://vlex.com/source/codificacion-del-derecho-contractual-de-consumo-en-el-derecho-civil-catalan-14274  |z Acceso restringido 
942 |c BOOK 
999 0 |a Civil law